000 00826nam a2200253 a 4500
001 000012605
003 DO-SdBNP
005 20250227073849.0
008 091113s2004 dr a r 000 f spa d
020 _a9993403253
040 _aDO-SdBNP
_bspa
_cBNPHU
082 _aRD863.44
_bM647c, 2004
100 1 _aMiller, Jeannette,
_d1944-
_983484
245 1 0 _aCuentos de mujeres /
_cJeannette Miller ; prólogo José Alcántara Almánzar.
260 _aSanto Domingo :
_bCole,
_c2004.
300 _a96 p. :
_bil. ;
_c23 cm.
590 _aInventariado, 2020/BT
650 0 _aCuentos dominicanos
_9176
650 4 _aLiteratira dominicana
_929302
650 4 _aMujeres en la literatura
_91388
700 1 _aAlcántara Almánzar, José
_d1946-
_epról.
_97018
910 _aValidado. Control de calidad. MMOLINA
942 _2ddc
_cLBS1
999 _c12260
_d12260